Graphic : (Record no. 2387)

MARC details
000 -LEADER
fixed length control field 00592nam a2200193 a 4500
003 - CONTROL NUMBER IDENTIFIER
control field BD-DhJNU
005 - DATE AND TIME OF LATEST TRANSACTION
control field 20251119050017.0
008 - FIXED-LENGTH DATA ELEMENTS--GENERAL INFORMATION
fixed length control field 220609b ||||| |||| 00| 0 eng d
020 ## - INTERNATIONAL STANDARD BOOK NUMBER
International Standard Book Number 9781427642165
040 ## - CATALOGING SOURCE
Original cataloging agency BD-DhJNU
Language of cataloging ENG
Transcribing agency BD-DhJNU
Modifying agency BD-DhJNU
082 ## - DEWEY DECIMAL CLASSIFICATION NUMBER
Classification number 741.6 ETG
Edition number 23
100 1# - MAIN ENTRY--PERSONAL NAME
Personal name Ethnics, Global
245 10 - TITLE STATEMENT
Title Graphic :
Remainder of title print source: kids inspirations /
Statement of responsibility, etc. Global Ethnics
260 ## - PUBLICATION, DISTRIBUTION, ETC.
Place of publication, distribution, etc. Gottingen :
Name of publisher, distributor, etc. GP Publication Ltd.,
Date of publication, distribution, etc. 2008.
300 ## - PHYSICAL DESCRIPTION
Extent 141 p. :
Other physical details ill. ;
Dimensions 27 cm.
504 ## - BIBLIOGRAPHY, ETC. NOTE
Bibliography, etc. note Includes bibliographical references and index.
650 ## - SUBJECT ADDED ENTRY--TOPICAL TERM
Topical term or geographic name entry element Design | Visual Arts
942 ## - ADDED ENTRY ELEMENTS (KOHA)
Koha item type Books
Holdings
Withdrawn status Lost status Source of classification or shelving scheme Damaged status Not for loan Collection Home library Current library Shelving location Date acquired Source of acquisition Total checkouts Full call number Barcode Date last seen Copy number Price effective from Koha item type
    Dewey Decimal Classification     Non-fiction Jagannath University Central Library Jagannath University Central Library General stacks 11/19/2025 Purchased   741.6 ETG JNUCL36262 11/19/2025 1 11/19/2025 Books